Statystyki dla Jakiej narodowości byli zwycięscy maratonu w Dębnie ?

Kliknij tutaj aby rozwiązać quiz!

Ogólne statystyki

  • Ten quiz został rozwiązany 10 razy
  • Średni wynik to 7 z 11

Statystyki odpowiedzi

HintOdpowiedź% Poprawnych
1Etiopia
100%
14Kenia
89%
45Polska
89%
2Ukraina
67%
1Czechy
56%
2ZSRR
56%
6Białoruś
44%
4Czechosłowacja
44%
2NRD
44%
1RFN
44%
1Wielka Brytania
22%

Rozkład punktacji

Percentyl według liczby udzielonych odpowiedzi

Procent ludzi z każdym wynikiem

Twoja historia wyników

Nie rozwiązałeś tego quizu